| 000 | 01170nam a2200313 i 4500 | ||
|---|---|---|---|
| 003 | EG-GICUC | ||
| 005 | 20260121101637.0 | ||
| 008 | 260103s2003 ua ||||f |||| 00| 0 ara d | ||
| 040 |
_a EG-GICUC _bara _c EG-GICUC _d EG-GICUC _erda |
||
| 041 | _aara | ||
| 082 | 0 | 4 |
_221 _a345.7 _bع ب . ح |
| 092 | 0 | 4 | _221 |
| 099 | _aLaw1 07 345.7 ع ب . ح 2003 | ||
| 100 | 0 |
_aعبد العليم عبد المجيد مشرف _eمؤلف. |
|
| 245 | 1 |
_aحدود انصراف أثر العقد الإداري إلى الغير / _cعبد العليم عبد المجيد مشرف . |
|
| 264 | 1 |
_aالقاهرة : _bدار النهضة العربية ، _c[2003] . |
|
| 300 |
_a181 ؛ صفحة _c24 سم |
||
| 336 |
_2rda content _atext |
||
| 337 |
_2rda media _aComputer |
||
| 338 |
_2rda carrier _aOnline Resource |
||
| 504 | _a. 181-177 ببليوجرافيا: صفحات. | ||
| 504 | _aيشتمل على ارجاعات ببليوجرافية | ||
| 650 | 1 |
_aالعقود الإدارية _2qrmak |
|
| 650 | 1 | _aالقانون الإداري | |
| 651 | 1 | _2qrmak | |
| 856 | 4 | 0 | _uhttps://fll.law.cu.edu.eg/fulltext/bks/B07-02592.pdf |
| 905 | _a61 | ||
| 942 |
_2ddc _cBK _e21 _n0 |
||
| 999 |
_c53988 _d53988 |
||